00446cam a2200133 a 4500020001500000040000800015082002600023245008000049246007900129260005200208300002300260650001200283700001700295 a1878604430 cIMD00a658 BRI 2002 A054 Or.00a10 second sales scripts :bovercoming the most common customer objections /3 aTen second sales scripts :bovercoming the most common customer objections aAlexandria, VA :bBriefings Pub. Group,cc2002. av, 38 p. ;c21 cm. 0aSelling1 aHill, Clair.